European national motorway numbers 3 - Statistics

General Stats
  • This quiz has been taken 4 times
  • The average score is 5 of 9
Answer Stats
Picture Answer % Correct
Slovenia / Croatia / Bosnia and Herzegovina / Serbia
100%
Lithuania
75%
Turkey
75%
Bulgaria
50%
Estonia
50%
Latvia
50%
Russia
50%
Slovakia
50%
Finland
25%
No matching quizzes found
Score Distribution
Percent of People with Each Score
Percentile by Number Answered
Your Score History
You have not taken this quiz